African Geography by Letter- B - Statistics

General Stats
  • This quiz has been taken 1,588 times
  • The average score is 10 of 20
Answer Stats
Hint Answer % Correct
Countries that begin in B Benin
92%
Botswana
91%
Burundi
90%
Burkina Faso
78%
Capital of Mali Bamako
70%
South Africa's judicial capital Bloemfontein
65%
Dutch settlers of South Africa Boers
62%
Capital of the Central African Republic Bangui
59%
The last one's capital Bujumbura
49%
Nigerian militant Islamic group Boko Haram
48%
Libyan city where a U.S. ambassador was killed Benghazi
46%
Native inhabitants of the Mahgreb Berbers
44%
A nomad, typically wandering the Sahara Bedouin
43%
Trees from Madagascar with trunks up to 80 feet wide Baobab
40%
An open-bottomed drum that migrated to Cuba Bongo
36%
French commander who invaded Egypt Napoleon Bonaparte
29%
Tribe that migrated to South Africa in 1500 BC Bantu
26%
Pirates the US fought in the 1800s Barbary States
24%
Main tributary of the Niger Benue
3%
Waterfall where the Congo tumbles into its basin Boyoma Falls
1%
No matching quizzes found
Score Distribution
Percent of People with Each Score
Percentile by Number Answered
Your Score History
You have not taken this quiz